Dynamics of structures and machinery : (Record no. 546690)
[ view plain ]
| 000 -LEADER | |
|---|---|
| fixed length control field | 00639pam a2200181 a 4500 |
| 020 ## - INTERNATIONAL STANDARD BOOK NUMBER | |
| International Standard Book Number | 0471090271 |
| 082 00 - DEWEY DECIMAL CLASSIFICATION NUMBER | |
| Classification number | 624.171076 |
| Author Mark | SZU |
| 100 1# - MAIN ENTRY--PERSONAL NAME | |
| Personal name | Szuladzinski, Gregory, |
| 9 (RLIN) | 42871 |
| 245 10 - TITLE STATEMENT | |
| Title | Dynamics of structures and machinery : |
| Remainder of title | problems and solutions / |
| Statement of responsibility, etc. | Gregory Szuladzinski. |
| 260 ## - PUBLICATION, DISTRIBUTION, ETC. | |
| Place of publication, distribution, etc. | New York : |
| Name of publisher, distributor, etc. | Wiley, |
| Date of publication, distribution, etc. | c1982. |
| 300 ## - PHYSICAL DESCRIPTION | |
| Extent | xi, 297 p. ; |
| Dimensions | 29 cm. |
| 500 ## - GENERAL NOTE | |
| General note | "A Wiley-Interscience publication." |
| 526 ## - STUDY PROGRAM INFORMATION NOTE | |
| Program name | 0 |
| Interest level | 0 |
| Reading level | 0 |
| Title point value | 624_171076000000000_SZU |
| 650 #0 - SUBJECT ADDED ENTRY--TOPICAL TERM | |
| Topical term or geographic name entry element | Machinery, Dynamics of |
| General subdivision | Problems, exercises, etc. |
| 9 (RLIN) | 42872 |
| 650 #0 - SUBJECT ADDED ENTRY--TOPICAL TERM | |
| Topical term or geographic name entry element | MCE |
| 9 (RLIN) | 379 |
| 650 #0 - SUBJECT ADDED ENTRY--TOPICAL TERM | |
| Topical term or geographic name entry element | Structural dynamics |
| General subdivision | Problems, exercises, etc. |
| 9 (RLIN) | 42873 |
| 942 ## - ADDED ENTRY ELEMENTS (KOHA) | |
| Source of classification or shelving scheme | |
| Koha item type | Book |
| Withdrawn status | Lost status | Source of classification or shelving scheme | Damaged status | Not for loan | Permanent Location | Current Location | Date acquired | Total Checkouts | Full call number | Barcode | Date last seen | Price effective from | Koha item type |
|---|---|---|---|---|---|---|---|---|---|---|---|---|---|
| Military College of Engineering (MCE) | Military College of Engineering (MCE) | 06/18/2014 | 624.171076 SZU | MCE-29275 | 06/18/2014 | 06/18/2014 | Book |
